[Event "RUS-chTW Premier 2019"]
[Site "Sochi"]
[Date "2019.05.08"]
[Round "7.5"]
[White "Ushenina, Anna"]
[Black "Schepetkova, Margarita"]
[Result "1/2-1/2"]
[WhiteElo "2442"]
[BlackElo "2224"]
[Annotator "NA RC"]
[PlyCount "84"]
[EventDate "2019.04.30"]
[EventType "team-tourn"]
[EventCountry "RUS"]
[SourceTitle "playchess.com"]
[Source "ChessBase"]
[SourceQuality "1"]
[TimeControl "40/5400+30:1800+30"]

1. d4 {[%emt 0:00:00]} d5 {[%emt 0:00:00]} 2. Nf3 {[%emt 0:00:00]} Nf6 {[%emt 0:00:00]} 3. c4 {[%emt 0:00:12]} c6 {[%emt 0:00:01]} 4. e3 {[%emt 0:00:06]} Bg4 {[%emt 0:01:38]} 5. cxd5 {[%emt 0:00:34]} Bxf3 {[%emt 0:00:30]} 6. Qxf3 {[%emt 0:00:05]} cxd5 {[%emt 0:00:07]} 7. Nc3 {[%emt 0:00:10]} Nc6 {[%emt 0:02:57]} 8. Bd3 {[%emt 0:00:11]} e6 {[%emt 0:00:36]} 9. O-O {[%emt 0:00:34]} Be7 {[%emt 0:04:00]} 10. Bd2 {[%emt 0:00:33]} O-O {[%emt 0:01:23]} 11. Rfc1 {[%emt 0:00:40]} e5 {[%emt 0:12:21]} 12. dxe5 {[%emt 0:00:35]} Nxe5 {[%emt 0:00:10]} 13. Qf5 {[%emt 0:00:04]} Nxd3 {[%emt 0:00:18]} 14. Qxd3 {[%emt 0:00:01]} Qd7 {[%emt 0:02:31]} 15. Qb5 {[%emt 0:22:29]} Qf5 {[%emt 0:08:20]} 16. Be1 {[%emt 0:17:38]} Bd6 {[%emt 0:03:16]} 17. Rd1 {[%emt 0:03:50]} Rad8 {[%emt 0:10:19]} 18. g3 {[%emt 0:03:21]} a6 {[%emt 0:08:23]} 19. Qd3 {[%emt 0:02:20]} Qh3 {[%emt 0:00:56]} 20. Qf1 {[%emt 0:03:14]} Qxf1+ {[%emt 0:04:05]} 21. Kxf1 {[%emt 0:00:02]} Be5 {[%emt 0:00:09]} 22. Ne2 {[%emt 0:06:04]} Bxb2 {[%emt 0:00:35]} 23. Rab1 {[%emt 0:00:03]} Be5 {[%emt 0:00:04]} 24. Rxb7 {[%emt 0:00:11]} Rb8 {[%emt 0:00:06]} 25. Rdb1 {[%emt 0:06:31]} Rxb7 {[%emt 0:00:08]} 26. Rxb7 {[%emt 0:00:02]} Rb8 {[%emt 0:00:12]} 27. Ra7 {[%emt 0:04:06]} h5 {[%emt 0:00:46]} 28. Rxa6 {[%emt 0:01:07]} Rb1 {[%emt 0:01:04]} 29. f3 {[%emt 0:00:40]} g5 {[%emt 0:01:20]} 30. Kf2 {[%emt 0:09:11]} g4 {[%emt 0:00:22]} 31. Bc3 {[%emt 0:02:15]} gxf3 {[%emt 0:05:04]} 32. Kxf3 {[%emt 0:10:32]} Ng4 {[%emt 0:00:55]} 33. Bxe5 {[%emt 0:03:35]} Rf1+ {[%emt 0:00:42]} 34. Kg2 {[%emt 0:00:03]} Rf2+ {[%emt 0:00:05]} 35. Kg1 {[%emt 0:00:05]} Rxe2 {[%emt 0:00:03]} 36. Bd4 {[%emt 0:00:35]} Nxh2 {[%emt 0:04:23]} 37. Ra5 {[%emt 0:02:45]} Rd2 {[%emt 0:03:38]} 38. Rxd5 {[%emt 0:00:20]} Nf3+ {[%emt 0:00:18]} 39. Kf1 {[%emt 0:00:02]} Nh2+ {[%emt 0:00:21]} 40. Ke1 {[%emt 0:00:00]} Nf3+ {[%emt 0:00:00]} 41. Kf1 {[%emt 0:00:05]} Nh2+ {[%emt 0:00:09]} 42. Ke1 {[%emt 0:00:05]} Nf3+ {[%emt 0:00:06]} 1/2-1/2

[Event "RUS-chTW Premier 2019"]
[Site "Sochi"]
[Date "2019.05.08"]
[Round "7.6"]
[White "Trapeznikova, Darya"]
[Black "Pogonina, Natalija"]
[Result "0-1"]
[WhiteElo "2090"]
[BlackElo "2453"]
[Annotator "TA"]
[PlyCount "66"]
[EventDate "2019.04.30"]
[EventType "team-tourn"]
[EventCountry "RUS"]
[SourceTitle "playchess.com"]
[Source "ChessBase"]
[SourceQuality "1"]

{[%evp 22,92,0,0,12,15,18,23,18,13,12,19,19,0,0,0,0,0,19,16,16,0,13,11,15,0,0,0,0,-27,-21,-19,-25,-62,-59,-39,-37,-80,-85,-166,-150,-222,-225,-545,-545,-501,-413,-411,-397,-401,-404,-420,-438,-415,-410,-581,-553,-550,-549,-875,-779,-839,-772,-2056,-1787,-2256,-1996,-6195,-6183,-5322,-5305,-5265,-4133]} 1. Nf3 d5 2. e3 Nf6 3. c4 e6 4. b3 b6 5. Bb2 Bb7 6. g3 dxc4 7. bxc4 Be7 8. Bg2 O-O 9. O-O c5 10. Qe2 Nc6 11. Rd1 Qc7 12. d4 cxd4 {A14: English Opening: 1...e6 with b3 by White} 13. exd4 Na5 14. Nbd2 Rac8 {[%cal Ra5c4] White has an edge.} 15. Rac1 Ba6 {[%cal Ra5c4]} 16. Bf1 Rfe8 $146 ({Predecessor:} 16... Rfd8 17. Qe3 Ne8 18. Bd3 {1-0 (42) Kushch,N (2405)-Sivayev,A Alushta 2002}) 17. Rc2 Qd7 18. Rdc1 Qa4 19. Ne5 Ba3 20. Bxa3 Qxa3 21. Ne4 {Black must now prevent Nxf6+.} Nxe4 22. Qxe4 Bb7 23. Qf4 f6 24. Nd3 Qa4 25. Ne1 e5 26. dxe5 Rxe5 27. Nd3 {[#]} Qc6 $1 $40 {[%csl Gb7][%cal Rc6h1][%mdl 640] Black is up to no good.} 28. f3 $1 Re7 29. Bg2 Rd8 30. Nf2 (30. Bf1 $17) 30... Qc5 $19 31. g4 (31. Kh1 $17 {was worth a try.}) 31... Nc6 {[%cal Ba5c6,Bc6d4,Bd4e2][%mdl 32] aiming for ...Nd4.} 32. Bf1 $2 (32. Kh1) 32... Nd4 33. Rc3 h5 {Played: Nd4-e2} 0-1

[Event "RUS-chTW Premier 2019"]
[Site "Sochi"]
[Date "2019.05.08"]
[Round "7.7"]
[White "Girya, Olga"]
[Black "Chan, Naruna"]
[Result "1-0"]
[WhiteElo "2449"]
[BlackElo "1985"]
[Annotator "TA"]
[PlyCount "101"]
[EventDate "2019.04.30"]
[EventType "team-tourn"]
[EventCountry "RUS"]
[SourceTitle "playchess.com"]
[Source "ChessBase"]
[SourceQuality "1"]

{[%evp 16,101,15,12,7,18,11,17,22,16,25,22,14,16,41,38,32,36,39,40,43,45,53,23,42,47,56,37,43,21,33,27,27,34,27,27,39,49,66,18,25,22,34,31,37,17,17,0,36,29,84,80,82,79,86,87,94,89,92,64,150,150,158,150,150,152,152,145,166,194,177,161,180,185,179,189,196,183,202,204,229,234,389,380,401,393,966,956]} 1. d4 d5 2. c4 e6 3. Nc3 Nf6 4. cxd5 exd5 5. Bg5 Be7 6. e3 O-O 7. Qc2 c6 8. Bd3 h6 9. Bf4 c5 {D36: Queen's Gambit Declined: Exchange Variation: Main line (5 Bg5 c6 6 Qc2)} 10. dxc5 Bxc5 11. Nf3 $146 ({Predecessor:} 11. Nge2 Nc6 12. O-O Be6 13. Nb5 Bb6 14. a3 a6 15. Nbd4 Nxd4 16. Nxd4 Bxd4 17. exd4 {½-½ (48) Salas Arros,C (2360)-Sepulveda Rojas,J (2207) Santiago de Chile 2002}) 11... Nc6 {The position is equal.} 12. O-O Bg4 13. Ne5 Nb4 14. Qb1 Nxd3 15. Qxd3 Be6 16. Rfd1 a6 17. h3 Qe7 18. Nf3 Rfd8 19. Nd4 Rd7 20. Rac1 Ba7 21. a3 Rdd8 22. Nde2 Rac8 23. Be5 Nd7 24. Bd4 Bb8 25. Nf4 Qd6 26. Nce2 Ne5 27. Bxe5 Qxe5 28. Nd4 Rxc1 29. Rxc1 Bc8 30. Rc3 Qe4 31. Qc2 Qxc2 (31... Bxf4 {with more complications.} 32. Rxc8 Rxc8 33. Qxc8+ Kh7 34. exf4 Qxd4 35. Qxb7 Qxf4 36. g3 Qf5) 32. Rxc2 Bd7 (32... Ba7 $11 {remains equal.}) 33. Nxd5 $16 Ba4 34. Rc4 Be8 35. Nc3 Kf8 36. g3 Bd6 {Black wants to play ...b5.} 37. Ne4 (37. a4 {looks sharper.} Bd7 38. h4 Re8 39. Nd5 Rd8 40. f4) 37... g6 ({Black should play} 37... Be5 $14) 38. Nxd6 Rxd6 {[%mdl 4096] Endgame KRB-KRN} 39. Rc7 Rd7 40. Rc8 Ke7 41. Kg2 Rd8 42. Rxd8 Kxd8 $18 {KB-KN} 43. Kf3 Ke7 44. Ke4 Kd6 45. Nb3 Bd7 46. h4 Be6 {[#]} 47. Nd2 $1 Bd5+ 48. Kd4 b6 $2 (48... Bg2 49. e4 Ke6) 49. Nc4+ Kc6 {[#]} 50. Nxb6 $1 {[%mdl 512]} Be4 $2 (50... Be6 51. Nc4 Kb5) (50... Kxb6 51. Kxd5) 51. Kxe4 {Accuracy: White = 72%, Black = 42%.} 1-0

[Event "RUS-chTW Premier 2019"]
[Site "Sochi"]
[Date "2019.05.08"]
[Round "7.8"]
[White "Azimova, Karina"]
[Black "Kovanova, Baira"]
[Result "0-1"]
[WhiteElo "2072"]
[BlackElo "2349"]
[Annotator "NA RC"]
[PlyCount "70"]
[EventDate "2019.04.30"]
[EventType "team-tourn"]
[EventCountry "RUS"]
[SourceTitle "playchess.com"]
[Source "ChessBase"]
[SourceQuality "1"]
[TimeControl "40/5400+30:1800+30"]

1. e4 {[%emt 0:00:00]} e5 {[%emt 0:00:00]} 2. Nf3 {[%emt 0:00:00]} d6 {[%emt 0:00:00]} 3. d4 {[%emt 0:00:00]} exd4 {[%emt 0:00:00]} 4. Nxd4 {[%emt 0:00:00]} Nf6 {[%emt 0:00:00]} 5. Nc3 {[%emt 0:00:00]} Be7 {[%emt 0:00:00]} 6. g3 {[%emt 0:00:00]} O-O {[%emt 0:01:51]} 7. Bg2 {[%emt 0:00:00]} Re8 {[%emt 0:00:27]} 8. O-O {[%emt 0:00:00]} h6 {[%emt 0:00:41]} 9. Re1 {[%emt 0:00:06]} Bf8 {[%emt 0:02:42]} 10. h3 {[%emt 0:01:40]} c6 {[%emt 0:02:35]} 11. a4 {[%emt 0:00:57]} a5 {[%emt 0:03:19]} 12. g4 {[%emt 0:00:40]} Nh7 {[%emt 0:05:10]} 13. Bf4 {[%emt 0:02:15]} Nd7 {[%emt 0:09:13]} 14. Qd2 {[%emt 0:07:45]} Ne5 {[%emt 0:01:59]} 15. Rad1 {[%emt 0:10:14]} Ng5 {[%emt 0:09:53]} 16. Qe3 {[%emt 0:12:05]} Qf6 {[%emt 0:11:27]} 17. Bg3 {[%emt 0:05:05]} Nc4 {[%emt 0:04:03]} 18. Qc1 {[%emt 0:00:31]} d5 {[%emt 0:05:32]} 19. f4 {[%emt 0:09:32]} Nxe4 {[%emt 0:05:02]} 20. Nxe4 {[%emt 0:09:09]} dxe4 {[%emt 0:00:09]} 21. Bxe4 {[%emt 0:00:13]} Bc5 {[%emt 0:04:07]} 22. c3 {[%emt 0:00:44]} Nd6 {[%emt 0:02:44]} 23. Bg2 {[%emt 0:02:28]} Be6 {[%emt 0:03:36]} 24. Kh2 {[%emt 0:04:55]} Bd5 {[%emt 0:04:21]} 25. Bxd5 {[%emt 0:04:41]} cxd5 {[%emt 0:00:24]} 26. Nb3 {[%emt 0:00:26]} Rxe1 {[%emt 0:02:55]} 27. Bxe1 {[%emt 0:00:45]} Bb6 {[%emt 0:01:38]} 28. Rxd5 {[%emt 0:04:16]} Qe6 {[%emt 0:01:45]} 29. Qd1 {[%emt 0:00:37]} Nc4 {[%emt 0:01:52]} 30. f5 {[%emt 0:09:50]} Qe4 {[%emt 0:05:19]} 31. Rb5 {[%emt 0:03:58]} Rd8 {[%emt 0:02:53]} 32. Nd4 {[%emt 0:06:10]} Bxd4 {[%emt 0:00:10]} 33. cxd4 {[%emt 0:00:03]} Rxd4 {[%emt 0:00:04]} 34. Qc1 {[%emt 0:00:14]} Qe2+ {[%emt 0:00:31]} 35. Kg1 {[%emt 0:00:22]} Rd1 {[%emt 0:00:21]} 0-1

[Event "RUS-chTW Premier 2019"]
[Site "Sochi"]
[Date "2019.05.08"]
[Round "7.9"]
[White "Sudakova, Irina"]
[Black "Badelka, Olga"]
[Result "0-1"]
[WhiteElo "2313"]
[BlackElo "2383"]
[Annotator "NA RC"]
[PlyCount "92"]
[EventDate "2019.04.30"]
[EventType "team-tourn"]
[EventCountry "RUS"]
[SourceTitle "playchess.com"]
[Source "ChessBase"]
[SourceQuality "1"]
[TimeControl "40/5400+30:1800+30"]

1. e4 {[%emt 0:00:00]} c5 {[%emt 0:00:00]} 2. Nc3 {[%emt 0:00:00]} Nc6 {[%emt 0:00:00]} 3. g3 {[%emt 0:00:07]} g6 {[%emt 0:00:40]} 4. Bg2 {[%emt 0:00:21]} Bg7 {[%emt 0:00:07]} 5. d3 {[%emt 0:00:21]} e6 {[%emt 0:00:46]} 6. Be3 {[%emt 0:00:49]} d6 {[%emt 0:00:12]} 7. Qd2 {[%emt 0:01:05]} Rb8 {[%emt 0:03:35]} 8. f4 {[%emt 0:02:08]} Nge7 {[%emt 0:00:38]} 9. Nf3 {[%emt 0:03:24]} Nd4 {[%emt 0:01:20]} 10. O-O {[%emt 0:01:40]} b5 {[%emt 0:01:41]} 11. Rae1 {[%emt 0:05:16]} b4 {[%emt 0:01:04]} 12. Nd1 {[%emt 0:00:33]} Qa5 {[%emt 0:04:03]} 13. a3 {[%emt 0:07:00]} Qa4 {[%emt 0:02:44]} 14. Bxd4 {[%emt 0:05:42]} cxd4 {[%emt 0:00:22]} 15. b3 {[%emt 0:01:23]} Qxa3 {[%emt 0:02:59]} 16. e5 {[%emt 0:02:56]} dxe5 {[%emt 0:03:42]} 17. fxe5 {[%emt 0:01:08]} Qa5 {[%emt 0:04:04]} 18. Qf4 {[%emt 0:13:03]} O-O {[%emt 0:07:30]} 19. Qxd4 {[%emt 0:07:07]} Qc7 {[%emt 0:09:13]} 20. Nf2 {[%emt 0:10:02]} Nf5 {[%emt 0:02:26]} 21. Qf4 {[%emt 0:11:19]} Qxc2 {[%emt 0:07:10]} 22. g4 {[%emt 0:06:34]} Ne7 {[%emt 0:11:11]} 23. Ne4 {[%emt 0:01:08]} Nd5 {[%emt 0:00:45]} 24. Qg3 {[%emt 0:00:20]} Bb7 {[%emt 0:02:34]} 25. g5 {[%emt 0:04:56]} Nc3 {[%emt 0:05:43]} 26. Nf6+ {[%emt 0:04:13]} Bxf6 {[%emt 0:02:08]} 27. gxf6 {[%emt 0:00:44]} Ne2+ {[%emt 0:03:21]} 28. Rxe2 {[%emt 0:00:06]} Qxe2 {[%emt 0:00:04]} 29. Qf4 {[%emt 0:00:58]} Kh8 {[%emt 0:00:40]} 30. Rf2 {[%emt 0:02:38]} Qd1+ {[%emt 0:00:56]} 31. Rf1 {[%emt 0:00:05]} Bxf3 {[%emt 0:01:40]} 32. Bxf3 {[%emt 0:06:20]} Qxd3 {[%emt 0:04:13]} 33. Rd1 {[%emt 0:00:51]} Qf5 {[%emt 0:03:16]} 34. Qh6 {[%emt 0:00:29]} Rg8 {[%emt 0:00:04]} 35. Rd4 {[%emt 0:00:18]} g5 {[%emt 0:01:11]} 36. Be4 {[%emt 0:01:01]} Rg6 {[%emt 0:05:10]} 37. Qg7+ {[%emt 0:01:40]} Rxg7 {[%emt 0:00:04]} 38. fxg7+ {[%emt 0:00:04]} Kxg7 {[%emt 0:00:03]} 39. Bxf5 {[%emt 0:00:05]} exf5 {[%emt 0:00:02]} 40. Rd7 {[%emt 0:00:00]} Re8 {[%emt 0:00:00]} 41. Rb7 {[%emt 0:00:58]} Rxe5 {[%emt 0:00:30]} 42. Rxb4 {[%emt 0:00:07]} a6 {[%emt 0:01:24]} 43. Ra4 {[%emt 0:00:43]} Rb5 {[%emt 0:00:07]} 44. Rxa6 {[%emt 0:00:21]} Rxb3 {[%emt 0:00:04]} 45. h4 {[%emt 0:00:11]} g4 {[%emt 0:00:10]} 46. h5 {[%emt 0:00:15]} Rh3 {[%emt 0:00:06]} 0-1

[Event "RUS-chTW Premier 2019"]
[Site "Sochi"]
[Date "2019.05.08"]
[Round "7.10"]
[White "Dordzhieva, Dinara"]
[Black "Protopopova, Anastasiya"]
[Result "1-0"]
[WhiteElo "2280"]
[BlackElo "2249"]
[Annotator "NA RC"]
[PlyCount "79"]
[EventDate "2019.04.30"]
[EventType "team-tourn"]
[EventCountry "RUS"]
[SourceTitle "playchess.com"]
[Source "ChessBase"]
[SourceQuality "1"]
[TimeControl "40/5400+30:1800+30"]

1. d4 {[%emt 0:00:00]} d5 {[%emt 0:00:00]} 2. c4 {[%emt 0:00:00]} c6 {[%emt 0:00:06]} 3. Nf3 {[%emt 0:00:00]} Nf6 {[%emt 0:00:04]} 4. Nbd2 {[%emt 0:00:12]} g6 {[%emt 0:03:21]} 5. g3 {[%emt 0:02:48]} Bg7 {[%emt 0:00:11]} 6. Bg2 {[%emt 0:00:06]} O-O {[%emt 0:00:09]} 7. O-O {[%emt 0:00:03]} dxc4 {[%emt 0:08:08]} 8. Nxc4 {[%emt 0:00:28]} Be6 {[%emt 0:00:17]} 9. Qc2 {[%emt 0:01:53]} Na6 {[%emt 0:04:21]} 10. b3 {[%emt 0:14:05]} Bf5 {[%emt 0:10:59]} 11. Qd1 {[%emt 0:01:30]} c5 {[%emt 0:05:43]} 12. Bb2 {[%emt 0:04:27]} Nd5 {[%emt 0:08:21]} 13. Nfe5 {[%emt 0:15:06]} f6 {[%emt 0:12:52]} 14. e4 {[%emt 0:09:28]} fxe5 {[%emt 0:01:09]} 15. dxe5 {[%emt 0:00:09]} Nf4 {[%emt 0:03:59]} 16. exf5 {[%emt 0:07:32]} Nxg2 {[%emt 0:01:47]} 17. fxg6 {[%emt 0:01:37]} b5 {[%emt 0:11:17]} 18. Na3 {[%emt 0:01:55]} Nf4 {[%emt 0:06:55]} 19. gxh7+ {[%emt 0:00:58]} Kxh7 {[%emt 0:00:30]} 20. gxf4 {[%emt 0:01:18]} Qe8 {[%emt 0:00:17]} 21. Qf3 {[%emt 0:01:22]} e6 {[%emt 0:03:10]} 22. Qd3+ {[%emt 0:07:01]} Rf5 {[%emt 0:02:31]} 23. Nxb5 {[%emt 0:04:43]} Nb4 {[%emt 0:01:53]} 24. Qh3+ {[%emt 0:05:44]} Rh5 {[%emt 0:00:34]} 25. Qf3 {[%emt 0:00:03]} Qg6+ {[%emt 0:04:35]} 26. Kh1 {[%emt 0:02:43]} Rh8 {[%emt 0:04:20]} 27. Qg2 {[%emt 0:06:32]} Qh6 {[%emt 0:01:44]} 28. Rad1 {[%emt 0:06:23]} Nd5 {[%emt 0:00:24]} 29. Rxd5 {[%emt 0:00:42]} exd5 {[%emt 0:00:12]} 30. Rg1 {[%emt 0:00:28]} d4 {[%emt 0:02:58]} 31. Bc1 {[%emt 0:03:01]} Kg8 {[%emt 0:00:36]} 32. Qd5+ {[%emt 0:00:34]} Kh7 {[%emt 0:00:00]} 33. Rg2 {[%emt 0:00:55]} Rxe5 {[%emt 0:02:17]} 34. fxe5 {[%emt 0:00:53]} Qxc1+ {[%emt 0:00:05]} 35. Rg1 {[%emt 0:00:02]} Qf4 {[%emt 0:00:19]} 36. Nd6 {[%emt 0:01:22]} Rf8 {[%emt 0:01:09]} 37. e6 {[%emt 0:01:34]} Be5 {[%emt 0:00:38]} 38. Qb7+ {[%emt 0:00:36]} Kh8 {[%emt 0:00:28]} 39. Qg2 {[%emt 0:00:03]} Qh6 {[%emt 0:00:40]} 40. Nf7+ {[%emt 0:00:00]} 1-0

[Event "RUS-chTW Premier 2019"]
[Site "Sochi"]
[Date "2019.05.08"]
[Round "7.11"]
[White "Lysenko, Margarita"]
[Black "Maltsevskaya, Aleksandra"]
[Result "0-1"]
[WhiteElo "2211"]
[BlackElo "2299"]
[Annotator "NA RC"]
[PlyCount "78"]
[EventDate "2019.04.30"]
[EventType "team-tourn"]
[EventCountry "RUS"]
[SourceTitle "playchess.com"]
[Source "ChessBase"]
[SourceQuality "1"]
[TimeControl "40/5400+30:1800+30"]

1. d4 {[%emt 0:00:00]} Nf6 {[%emt 0:00:00]} 2. Nf3 {[%emt 0:00:00]} g6 {[%emt 0:00:00]} 3. g3 {[%emt 0:00:03]} Bg7 {[%emt 0:00:22]} 4. Bg2 {[%emt 0:00:24]} O-O {[%emt 0:00:09]} 5. O-O {[%emt 0:00:23]} d6 {[%emt 0:00:08]} 6. c4 {[%emt 0:00:13]} Nbd7 {[%emt 0:00:34]} 7. Nc3 {[%emt 0:00:17]} e5 {[%emt 0:00:33]} 8. e4 {[%emt 0:00:10]} exd4 {[%emt 0:02:31]} 9. Nxd4 {[%emt 0:02:33]} Re8 {[%emt 0:00:05]} 10. h3 {[%emt 0:05:31]} a6 {[%emt 0:05:09]} 11. Be3 {[%emt 0:03:08]} Nc5 {[%emt 0:01:24]} 12. Qc2 {[%emt 0:01:15]} Bd7 {[%emt 0:00:33]} 13. Rfe1 {[%emt 0:10:18]} Rb8 {[%emt 0:01:22]} 14. Rad1 {[%emt 0:11:07]} Qc8 {[%emt 0:06:38]} 15. Kh2 {[%emt 0:01:36]} b5 {[%emt 0:00:22]} 16. b4 {[%emt 0:15:02]} Na4 {[%emt 0:07:19]} 17. Nxa4 {[%emt 0:06:33]} bxa4 {[%emt 0:00:06]} 18. Rb1 {[%emt 0:09:51]} c5 {[%emt 0:12:56]} 19. bxc5 {[%emt 0:00:47]} dxc5 {[%emt 0:00:05]} 20. Ne2 {[%emt 0:02:31]} Rxb1 {[%emt 0:05:46]} 21. Rxb1 {[%emt 0:02:46]} h5 {[%emt 0:00:26]} 22. Nc3 {[%emt 0:09:39]} h4 {[%emt 0:01:41]} 23. gxh4 {[%emt 0:09:33]} Nh5 {[%emt 0:03:28]} 24. Nd5 {[%emt 0:01:13]} Be6 {[%emt 0:01:48]} 25. Qxa4 {[%emt 0:03:18]} Be5+ {[%emt 0:01:22]} 26. f4 {[%emt 0:03:35]} Bxd5 {[%emt 0:00:06]} 27. fxe5 {[%emt 0:00:13]} Bc6 {[%emt 0:00:04]} 28. Qd1 {[%emt 0:00:59]} Qa8 {[%emt 0:15:41]} 29. Qg4 {[%emt 0:00:58]} Rxe5 {[%emt 0:00:40]} 30. Rb6 {[%emt 0:00:31]} Bxe4 {[%emt 0:03:05]} 31. Bxe4 {[%emt 0:00:22]} Rxe4 {[%emt 0:00:17]} 32. Qf3 {[%emt 0:00:27]} Qe8 {[%emt 0:01:31]} 33. Bxc5 {[%emt 0:00:36]} Qe5+ {[%emt 0:01:23]} 34. Kg2 {[%emt 0:00:31]} Nf4+ {[%emt 0:04:56]} 35. Kh1 {[%emt 0:00:19]} Re1+ {[%emt 0:00:05]} 36. Bg1 {[%emt 0:00:32]} Qd4 {[%emt 0:00:15]} 37. Rb8+ {[%emt 0:00:16]} Kh7 {[%emt 0:00:05]} 38. Qg4 {[%emt 0:00:43]} Qe4+ {[%emt 0:00:18]} 39. Kh2 {[%emt 0:00:17]} Re2+ {[%emt 0:00:06]} 0-1

[Event "RUS-chTW Premier 2019"]
[Site "Sochi"]
[Date "2019.05.08"]
[Round "7.12"]
[White "Diakonova, Ekaterina"]
[Black "Geller, Anastasiya"]
[Result "1-0"]
[WhiteElo "2211"]
[BlackElo "2187"]
[Annotator "NA RC"]
[PlyCount "67"]
[EventDate "2019.04.30"]
[EventType "team-tourn"]
[EventCountry "RUS"]
[SourceTitle "playchess.com"]
[Source "ChessBase"]
[SourceQuality "1"]
[TimeControl "40/5400+30:1800+30"]

1. e4 {[%emt 0:00:00]} c6 {[%emt 0:00:00]} 2. d4 {[%emt 0:00:00]} d5 {[%emt 0:00:00]} 3. Nc3 {[%emt 0:00:23]} dxe4 {[%emt 0:00:00]} 4. Nxe4 {[%emt 0:00:03]} Bf5 {[%emt 0:00:02]} 5. Ng3 {[%emt 0:00:04]} Bg6 {[%emt 0:00:06]} 6. Nf3 {[%emt 0:01:09]} Nd7 {[%emt 0:00:24]} 7. Bd3 {[%emt 0:01:43]} e6 {[%emt 0:04:51]} 8. O-O {[%emt 0:00:46]} Ngf6 {[%emt 0:05:28]} 9. b3 {[%emt 0:00:36]} Bxd3 {[%emt 0:04:46]} 10. Qxd3 {[%emt 0:00:06]} c5 {[%emt 0:00:13]} 11. Bb2 {[%emt 0:08:42]} cxd4 {[%emt 0:07:38]} 12. Nxd4 {[%emt 0:00:06]} Be7 {[%emt 0:02:48]} 13. c4 {[%emt 0:02:34]} O-O {[%emt 0:03:17]} 14. a3 {[%emt 0:03:07]} Nc5 {[%emt 0:03:33]} 15. Qc2 {[%emt 0:02:50]} a6 {[%emt 0:01:34]} 16. b4 {[%emt 0:02:30]} Ncd7 {[%emt 0:00:06]} 17. Rfd1 {[%emt 0:06:08]} Qc7 {[%emt 0:00:27]} 18. c5 {[%emt 0:11:30]} Rfe8 {[%emt 0:01:44]} 19. Rac1 {[%emt 0:03:02]} Bf8 {[%emt 0:05:31]} 20. Qe2 {[%emt 0:08:53]} Qf4 {[%emt 0:07:12]} 21. Nf3 {[%emt 0:07:47]} Nd5 {[%emt 0:11:53]} 22. Ne5 {[%emt 0:02:29]} Nxe5 {[%emt 0:02:40]} 23. Bxe5 {[%emt 0:00:05]} Qg5 {[%emt 0:02:39]} 24. Rc4 {[%emt 0:00:42]} f6 {[%emt 0:00:29]} 25. Bb2 {[%emt 0:03:04]} f5 {[%emt 0:07:15]} 26. Qf3 {[%emt 0:11:09]} Rad8 {[%emt 0:02:38]} 27. Be5 {[%emt 0:02:33]} Ne7 {[%emt 0:05:06]} 28. Rxd8 {[%emt 0:10:08]} Rxd8 {[%emt 0:00:05]} 29. Qxb7 {[%emt 0:00:02]} Rd1+ {[%emt 0:01:13]} 30. Nf1 {[%emt 0:00:01]} Nd5 {[%emt 0:00:43]} 31. Qc6 {[%emt 0:04:53]} Ne3 {[%emt 0:01:20]} 32. Qxe6+ {[%emt 0:00:15]} Kh8 {[%emt 0:00:47]} 33. Bxg7+ {[%emt 0:00:02]} Qxg7 {[%emt 0:03:25]} 34. Qxe3 {[%emt 0:02:38]} 1-0

[Event "RUS-chTW Premier 2019"]
[Site "Sochi"]
[Date "2019.05.08"]
[Round "7.13"]
[White "Shuvalova, Polina"]
[Black "Grigorieva, Yulia"]
[Result "1/2-1/2"]
[WhiteElo "2439"]
[BlackElo "2128"]
[Annotator "RC"]
[PlyCount "112"]
[EventDate "2019.04.30"]
[EventType "team-tourn"]
[EventCountry "RUS"]
[SourceTitle "playchess.com"]
[Source "ChessBase"]
[SourceQuality "1"]
[TimeControl "40/5400+30:1800+30"]

1. e4 {[%emt 0:00:00]} e5 {[%emt 0:00:00]} 2. Nf3 {[%emt 0:00:00]} Nc6 {[%emt 0:00:00]} 3. Bb5 {[%emt 0:00:00]} a6 {[%emt 0:00:00]} 4. Ba4 {[%emt 0:00:00]} Nf6 {[%emt 0:00:00]} 5. O-O {[%emt 0:00:00]} Be7 {[%emt 0:00:17]} 6. Re1 {[%emt 0:00:01]} b5 {[%emt 0:00:21]} 7. Bb3 {[%emt 0:00:04]} O-O {[%emt 0:01:17]} 8. h3 {[%emt 0:00:25]} d6 {[%emt 0:00:29]} 9. c3 {[%emt 0:00:03]} Na5 {[%emt 0:00:11]} 10. Bc2 {[%emt 0:00:05]} c5 {[%emt 0:00:16]} 11. d4 {[%emt 0:00:04]} Nd7 {[%emt 0:00:19]} 12. b3 {[%emt 0:01:40]} exd4 {[%emt 0:04:20]} 13. cxd4 {[%emt 0:00:04]} Nc6 {[%emt 0:01:03]} 14. Bb2 {[%emt 0:01:42]} cxd4 {[%emt 0:02:50]} 15. Nxd4 {[%emt 0:00:30]} Nxd4 {[%emt 0:01:26]} 16. Bxd4 {[%emt 0:00:09]} Bf6 {[%emt 0:01:44]} 17. Nc3 {[%emt 0:00:56]} Bb7 {[%emt 0:05:02]} 18. Nd5 {[%emt 0:00:34]} Bxd5 {[%emt 0:08:22]} 19. exd5 {[%emt 0:01:25]} Bxd4 {[%emt 0:03:46]} 20. Qxd4 {[%emt 0:00:05]} Qf6 {[%emt 0:01:04]} 21. Qg4 {[%emt 0:05:30]} Nb6 {[%emt 0:05:08]} 22. a4 {[%emt 0:05:41]} Rac8 {[%emt 0:13:00]} 23. Be4 {[%emt 0:01:31]} Rc5 {[%emt 0:06:15]} 24. b4 {[%emt 0:10:27]} Rc7 {[%emt 0:09:37]} 25. axb5 {[%emt 0:00:40]} axb5 {[%emt 0:03:38]} 26. Bd3 {[%emt 0:07:39]} g6 {[%emt 0:04:45]} 27. Bxb5 {[%emt 0:04:56]} Nxd5 {[%emt 0:01:41]} 28. Be2 {[%emt 0:04:47]} h5 {[%emt 0:12:11]} 29. Qg3 {[%emt 0:07:43]} Nxb4 {[%emt 0:01:29]} 30. Rad1 {[%emt 0:01:04]} Nc2 {[%emt 0:03:59]} 31. Rf1 {[%emt 0:04:17]} Nd4 {[%emt 0:00:49]} 32. Bd3 {[%emt 0:03:25]} Re8 {[%emt 0:01:32]} 33. Kh1 {[%emt 0:05:39]} Rc3 {[%emt 0:01:48]} 34. Qh2 {[%emt 0:03:00]} h4 {[%emt 0:05:30]} 35. Qg1 {[%emt 0:10:39]} Nf3 {[%emt 0:00:55]} 36. gxf3 {[%emt 0:00:09]} Qxf3+ {[%emt 0:00:06]} 37. Qg2 {[%emt 0:01:19]} Rxd3 {[%emt 0:00:08]} 38. Qxf3 {[%emt 0:00:27]} Rxf3 {[%emt 0:00:04]} 39. Kg2 {[%emt 0:00:03]} Rf6 {[%emt 0:00:33]} 40. Rd4 {[%emt 0:00:00]} g5 {[%emt 0:00:00]} 41. Rg4 {[%emt 0:11:27]} Rg6 {[%emt 0:12:43]} 42. f4 {[%emt 0:00:47]} Re2+ {[%emt 0:01:25]} 43. Kf3 {[%emt 0:01:19]} Rh2 {[%emt 0:01:29]} 44. Rxg5 {[%emt 0:01:28]} Rxh3+ {[%emt 0:03:07]} 45. Kg4 {[%emt 0:00:11]} Rg3+ {[%emt 0:02:45]} 46. Kxh4 {[%emt 0:00:09]} R3xg5 {[%emt 0:00:49]} 47. fxg5 {[%emt 0:00:03]} d5 {[%emt 0:00:39]} 48. Rd1 {[%emt 0:05:13]} Rd6 {[%emt 0:00:05]} 49. Rd4 {[%emt 0:00:19]} Kf8 {[%emt 0:03:25]} 50. Kg4 {[%emt 0:00:04]} Ke7 {[%emt 0:00:19]} 51. Kf5 {[%emt 0:00:05]} Kd7 {[%emt 0:00:33]} 52. Ke5 {[%emt 0:00:25]} Kc6 {[%emt 0:00:17]} 53. Rf4 {[%emt 0:00:58]} Rd7 {[%emt 0:01:28]} 54. Kd4 {[%emt 0:00:02]} Kd6 {[%emt 0:01:56]} 55. Rf5 {[%emt 0:00:13]} Kc6 {[%emt 0:01:00]} 56. Rf6+ {[%emt 0:00:11]} Kc7 {[%emt 0:00:17]} 1/2-1/2